[Event "Dortmund SuperGM 25th"]
[Site "Dortmund"]
[Date "1997.07.05"]
[Round "2"]
[White "Karpov, Anatoly"]
[Black "Jussupow, Artur"]
[Result "1-0"]
[WhiteElo "2745"]
[BlackElo "2640"]
[Annotator "Jussupow,A"]
[PlyCount "125"]
[EventDate "1997.07.04"]
[EventType "tourn"]
[EventRounds "9"]
[EventCountry "GER"]
[EventCategory "18"]
[SourceTitle "CBM 060"]
[Source "ChessBase"]
[SourceDate "1997.09.29"]
[SourceVersion "1"]
[SourceVersionDate "1997.09.29"]
[SourceQuality "1"]

1. d4 {Karpov} Nf6 2. c4 e6 3. Nf3 d5 4. Nc3 Be7 5. Bg5 h6 6. Bh4 O-O 7. e3 Ne4
8. Bxe7 Qxe7 9. Rc1 c6 10. Bd3 Nxc3 11. Rxc3 dxc4 (11... Nd7 12. cxd5 exd5 13.
O-O Re8 14. Qb1 Nf6 15. b4 Ne4 16. Bxe4 dxe4 17. Nd2 Be6 $14 {Nikolic,
P-Jussupow,A/Horgen/1994/}) 12. Bxc4 Nd7 13. O-O b6 14. Bd3 (14. Qe2 a5 $5 (
14... Bb7 15. Rd1 Rfd8 16. Ba6 Bxa6 17. Qxa6 c5 $14 {Benjamin,J-Jussupow,A/
Horgen CS 1994}) (14... c5 15. Ba6 cxd4 16. Nxd4 (16. exd4 {Belov} Nf6 17. Rfc1
Bxa6 18. Qxa6 Nd5 $10) 16... Bxa6 17. Qxa6 Nc5 18. Qe2 Qf6 (18... a5 {Belov}
19. Qb5 $16) (18... e5 $5 {Belov}) 19. Qf3 $1 Qxf3 20. gxf3 $14 {1-0
Zvjaginsev,V-Cherepkov,A/St.Petersburg op 1994 (42)}) 15. Rfc1 Bb7 16. h3 (16.
a3 Rfd8 17. h3 a4 18. Rd1 c5 $11 19. Bb5 Ra5 20. Bxd7 Qxd7 21. Rd2 cxd4 22.
Rxd4 Rd5 $15 {1/2-1/2 Epishin,V-Vaganian,R/Erevan 1996 (43)}) 16... Rfd8 $5 {
Epishin} (16... c5 17. Bb5 e5 18. dxe5 Nxe5 19. Nxe5 Qxe5 20. Rd1 $14 {Epishin,
V-Vaganian,R/Reggio Emilia 1995})) 14... c5 15. Be4 (15. Bb5 Rd8 (15... cxd4
16. Nxd4 Nc5 17. Bc6 Bb7 18. Qf3 Bxc6 19. Nxc6 Qb7 20. Ne5 Qxf3 21. gxf3 f6 22.
Nc6 $14 {1-0 Polugaevsky,L-Andersson,U/Reggio Top16 1991/CBM 22 (50) [Ftacnik]}
) 16. Bc6 (16. Qe2 $6 Bb7 17. Bxd7 $6 cxd4 $1 $15 {0-1 Cramling,P-Jussupow,A/
Hamburg SKA 1991 (60)}) 16... Rb8 17. Qc2 cxd4 18. Nxd4 e5 19. Nf5 Qf6 20. Rd1
Nc5 $10 {Smyslov,V-Kasparov,G/Vilnius/1984/}) (15. Bb1 Bb7 16. Qc2 g6 17. Qe2
Rac8 $11 18. Rfc1 Rfd8 19. h3 e5 20. dxc5 Rxc5 21. Rxc5 Nxc5 22. b4 Bxf3 {
1/2-1/2 Nikolic,P-Jussupow,A/Munchen 1990}) 15... Rb8 (15... Ba6 $2 16. Bxa8
Bxf1 17. Bc6 Ba6 18. Qa4 Nb8 19. dxc5 bxc5 20. h3 $14 {Dolmatov}) 16. Qa4 (16.
Qc2 $5 Ba6 (16... a5 17. Rc1 Bb7 18. Bxb7 Rxb7 19. dxc5 Nxc5 20. Ne5 Qf6 21.
Nd3 Rd8 22. Nxc5 bxc5 23. Qe2 Rbd7 24. R3c2 c4 (24... a4 25. g3 Rd5 26. Kg2 g6
27. a3 h5 28. Qf3 Qe5 29. Qf4 $16 {1-0 Karpov,A-Jussupow,A/Bank Hofmann Cup
1995 (51)}) 25. g3 e5 26. Kg2 e4 27. Qg4 $1 $14 {1/2-1/2 Khalifman,A-Jussupow,
A/Bundesliga 1992 (35)}) 17. Rd1 Nf6 18. dxc5 Nxe4 19. Qxe4 bxc5 20. b3 $14 {
Dolmatov}) 16... Bb7 (16... Nf6 17. Bc6 Nd5 18. Bxd5 exd5 19. dxc5 bxc5 20. Qa3
Be6 21. Rfc1 Rfc8 22. b3 $16 {Dolmatov}) 17. Bxb7 Rxb7 18. Qc2 (18. Qc6 $5 Nb8
19. Qe4 Rc7 20. Rfc1 Rfc8 21. Qf4 c4 $11 {Kramnik; Shamkovich}) (18. Rd1 b5 19.
Qb3 a5 $5 (19... c4 $4 20. Rxc4 $18) 20. dxc5 Nxc5 21. Qc2 Na6 22. a3 b4 23.
Rc6 Rc7 $1 24. Nd4 bxa3 25. bxa3 Rfc8 26. Rxc7 Qxc7 27. Qe2 Qc4 28. Qf3 Nc7 29.
h3 {1/2-1/2 Anand-Kramnik/Fernsehpartie/1996}) 18... a5 $5 (18... Rc8 19. Rc1
Rbc7 20. b4 e5 {Kramnik; Shamkovich} (20... c4 21. b5 a6 22. Rb1 $16 {Dolmatov}
) 21. dxc5 (21. bxc5 $1 exd4 22. exd4 bxc5 23. Rc4 Nb8 24. Rxc5 Rxc5 25. dxc5
Nc6 (25... Na6 26. c6 Nb4 27. Qa4 Nd3 28. Qa6 $18) 26. h3 $18 {Dolmatov}) 21...
bxc5 22. Rc4 (22. h3 c4 23. a3 Nb6 {Dolmatov}) 22... e4 $1 $14 {1/2-1/2
Kramnik,V-Kasparov,G/Las Palmas 1996 (57)}) (18... cxd4 $6 19. Nxd4 $16 {
Dolmatov}) 19. a3 (19. Rd1 cxd4 20. Nxd4 Nc5 21. Nc6 Qf6 22. b3 $14 {Kramnik;
Shamkovich}) 19... Re8 $5 {/\ 20...e5 21.Qe4 e:d4 22.Q:b7 d:c3 23.b:c3 Ne5=}
20. Rd1 (20. h3 e5 21. Qe4 exd4 $1 22. Qxb7 dxc3 23. bxc3 Ne5 $1 $11 24. Qxb6
$140 Nxf3+ 25. gxf3 Qg5+ 26. Kh1 Qd5 27. e4 Qh5 {Karpov}) 20... Rbb8 (20... e5
21. Qe4 exd4 22. Qxb7 dxc3 23. bxc3 Ne5 24. Qxb6 Nxf3+ 25. gxf3 Qg5+ 26. Kf1 $5
$16 (26. Kh1 Qh5 27. Qc6)) 21. h3 (21. dxc5 Nxc5 22. b4 (22. Nd4 $5) 22... axb4
23. axb4 Na6 24. b5 Nc5 $11 (24... Nc5 {Karpov} 25. Ne5 Ra8 26. Nc6 Qf6 $132))
21... Rbd8 (21... e5 $142 22. dxe5 Nxe5 23. Nxe5 Qxe5 24. Rcd3 $14) 22. Rcd3
Rc8 (22... cxd4 23. Rxd4 (23. Nxd4 Ne5 $1 (23... Nc5 $2 24. Nc6 $18)) 23... Nc5
24. b4 axb4 25. axb4 Na6 26. Qc4 $16 {Karpov}) 23. d5 $1 $14 exd5 (23... e5 24.
e4 $14 {Karpov} (24. d6 Qe6 25. e4 {/\Rd5 Karpov})) 24. Rxd5 Nf6 25. Re5 $1 (
25. R5d3 {Karpov} b5 $11) 25... Qc7 (25... Qb7 $142 26. Rxe8+ Rxe8 27. a4 Qe4
$14) 26. Rxe8+ Rxe8 27. a4 $1 $16 Rd8 (27... Nd7 {/\Ne5} 28. Nd4 $1 {Karpov})
28. Rxd8+ Qxd8 29. Ne5 Qd5 30. Nc4 {[%csl Rb6,Gc4]} Nd7 31. b3 f5 $6 (31... h5
$5 32. Kf1 $5 {/\Qd2}) (31... g6 $5) 32. Kf1 (32. g4 fxg4 (32... g6 33. gxf5
gxf5 34. Qc3 $5) 33. hxg4 Qf3 34. Qf5 Qxf5 35. gxf5 $16 {Karpov}) 32... Kf7 33.
f3 Ke7 34. Ke2 Qe6 35. Qc3 Nf6 36. Kf2 Kd7 (36... h5 37. h4 $16) (36... g5 $142
) 37. g4 {[#]} Kc6 $2 (37... fxg4 $142 38. hxg4 $16) (37... g6 38. Qe5 {Karpov}
) 38. Qe5 $1 Qxe5 39. Nxe5+ Kd5 40. Nc4 fxg4 41. Nxb6+ $1 Kc6 42. Nc4 $18 gxf3
(42... gxh3 43. Kg3 $18 {[%csl Ra5,Rh3]}) 43. Kxf3 Kd5 44. Nxa5 g5 45. Nc4 h5
46. Nd2 Ke5 47. e4 (47. a5 $143 Kd5 48. e4+ Kc6 49. e5 Ne8 50. Ke4 Ng7 51. Nc4
Kb5 {Karpov}) 47... Ne8 (47... Kd4 48. a5 $1 Nd7 49. a6 Ne5+ 50. Ke2 Nc6 51.
Nf3+ Kxe4 52. Nxg5+ $18 {Karpov}) 48. Ke3 Nc7 49. Nc4+ Kf6 50. Kf2 Na6 51. Kg3
Nb4 52. h4 Nc6 53. a5 $1 $18 Nb4 54. Nd2 Nc6 (54... Na6 55. hxg5+ Kxg5 56. Nf3+
$18 {Karpov}) 55. a6 gxh4+ 56. Kxh4 Ke6 57. Kxh5 Kd7 58. Kg6 Kc7 59. Nc4 (59.
Kf6 Kb6 60. e5 Kxa6 61. e6 Kb5 62. e7 Nxe7 63. Kxe7 Kb4 64. Kd6 $18 {Karpov})
59... Kb8 60. Kf6 Ka7 61. e5 Kxa6 62. e6 Kb5 63. e7 (63. e7 {Karpov} Nxe7 64.
Kxe7 Kb4 65. Nd2 Kc3 66. Kd6 $18) 1-0

[Event "Horgen CS"]
[Site "Horgen"]
[Date "1994.??.??"]
[Round "8"]
[White "Nikolic, Predrag"]
[Black "Jussupow, Artur"]
[Result "1/2-1/2"]
[WhiteElo "2655"]
[BlackElo "2655"]
[Annotator "Jussupow,A"]
[PlyCount "96"]
[EventDate "1994.09.??"]
[EventType "tourn"]
[EventRounds "11"]
[EventCountry "SUI"]
[EventCategory "16"]
[SourceTitle "CBM 043"]
[Source "ChessBase"]
[SourceDate "1994.12.01"]
[SourceVersion "1"]
[SourceVersionDate "1994.12.01"]
[SourceQuality "1"]

1. d4 Nf6 2. c4 e6 3. Nf3 d5 4. Nc3 Be7 5. Bg5 h6 6. Bh4 O-O 7. e3 Ne4 8. Bxe7
Qxe7 9. Rc1 c6 10. Bd3 Nxc3 11. Rxc3 Nd7 (11... dxc4) 12. cxd5 exd5 13. O-O Re8
(13... Nf6 14. Ne5 $16) 14. Qb1 Nf6 15. b4 Ne4 16. Bxe4 dxe4 17. Nd2 Be6 $146
18. Rfc1 $146 (18. b5 $5 Bd5 $5 $14 (18... cxb5 19. Qxb5 $16 {ECO})) (18. Nxe4
Bf5 (18... Bxa2 19. Qxa2 Qxe4 $14) 19. f3 Bxe4 20. fxe4 Qxe4 21. Qxe4 Rxe4 22.
Rf5 $14) 18... Bd5 19. b5 Rad8 {/\Rd6-g6<=>} (19... h5 $5) 20. a4 $6 {/\a5,a6}
(20. bxc6 bxc6 21. Rc5 $1 $14 {/\Nc4-e5, ><c6} (21. Nc4 c5 $1 $10)) 20... h5 $1
$132 21. R1c2 h4 22. h3 f5 23. bxc6 bxc6 24. Nc4 (24. Rc5 $6 f4 $36) 24... c5
$1 (24... f4 25. exf4 (25. Ne5 f3 26. Rxc6 Qg5 27. Rg6 Rxe5 28. Rxg5 Rxg5 $13)
25... Bxc4 26. Rxc4 e3 27. Qe1 e2 28. Rd2 Qe4 29. Rcc2 $14) 25. dxc5 Qxc5 26.
Na3 $1 {/\Nb5-d4} Qb6 27. Qxb6 axb6 28. Nb5 Bf7 (28... Rd7 $142 $10 29. Rc7
$140 Red8 30. Rd2 Be6) 29. Nd4 $14 g6 (29... f4 $6 {><h4}) 30. Rc6 Re7 (30...
Ra8 $5 31. Rxb6 Re7) 31. Rb2 (31. Rxb6 Ra8 32. Rcc6 Rxa4 33. Rxg6+ Bxg6 34.
Rxg6+ Rg7 35. Rxg7+ Kxg7 36. Nxf5+ Kf6 37. Nxh4 Kg5 38. g3 Ra1+ 39. Kg2 Ra2 $10
) 31... Ra8 32. Rb4 Rea7 33. Rbxb6 Rxa4 34. Rxg6+ Bxg6 35. Rxg6+ Kf7 36. Rh6
Rxd4 $1 $10 37. exd4 Ra1+ 38. Kh2 Ra2 39. Kg1 Ra1+ 40. Kh2 Rf1 41. Rxh4 (41. g4
$2 Rxf2+ 42. Kg1 e3 43. gxf5 Rxf5 $17) 41... Rxf2 42. Kg1 e3 43. d5 Rd2 (43...
Kf6 44. Rh6+ {/\Re6}) 44. Kf1 Rf2+ 45. Ke1 Rxg2 46. Rf4 Kf6 47. Rf3 Rd2 48.
Rxe3 Rxd5 1/2-1/2

[Event "Candidates sf1"]
[Site "London"]
[Date "1989.??.??"]
[Round "7"]
[White "Karpov, Anatoly"]
[Black "Jussupow, Artur"]
[Result "1-0"]
[WhiteElo "2755"]
[BlackElo "2610"]
[Annotator "Jussupow,A"]
[PlyCount "105"]
[EventDate "1989.10.??"]
[EventType "match"]
[EventRounds "8"]
[EventCountry "ENG"]
[SourceTitle "Candidates"]
[Source "ChessBase"]
[SourceDate "1999.07.01"]
[SourceVersion "2"]
[SourceVersionDate "1999.07.01"]
[SourceQuality "1"]

1. d4 {Artur Yusupov} Nf6 2. c4 e6 3. Nf3 d5 4. Nc3 Be7 5. Bg5 O-O 6. e3 h6 7.
Bh4 Ne4 8. Bxe7 Qxe7 9. Rc1 c6 10. Bd3 Nxc3 11. Rxc3 dxc4 12. Bxc4 Nd7 13. O-O
e5 {13...b6!?} 14. Bb3 $5 exd4 {14...Re8 15.d5!?+/= Nikolic,P-Yusupov,A 
(Beograd,89)} 15. exd4 Nf6 16. Re1 Qd6 {16...Qd8!?+/=} 17. Ne5 $36 Nd5 $2 {
17...Bf5? 18.Nf7 Rf7 19.Bf7 Kf7 20.Qb3+/-; >=17...Be6+/=} 18. Rg3 $40 Bf5 19.
Qh5 Bh7 20. Qg4 $1 g5 21. h4 $16 f6 22. hxg5 hxg5 23. f4 $5 (23. Qh5 Qe7 24.
Nd3 Qf7 $16) 23... Rae8 $2 (23... Kh8 24. fxg5 fxe5 25. g6 Qxg6 26. Qxg6 Bxg6
27. Rxg6 $16) 24. fxg5 fxe5 25. g6 Bxg6 26. dxe5 $18 Qe6 {26...Qc5 27.Kh2+-;
26...Kg7 27.de Re1 28.Kh2 Rh8 29.Rh3+-} 27. Bxd5 $1 {27.Qg6 Qg6 28.Rg6+/-} cxd5
28. Qxg6+ Qxg6 29. Rxg6+ Kh7 {29...Kf7 30.Rd6 Rd8 31.Rf1+-} 30. Rd6 Rc8 31. Re3
{31.Re2!?} Rc2 32. Rd7+ Kg6 33. Rxb7 Re8 34. a3 d4 $6 $138 {>=34...Rd2} 35. Rd3
Rxe5 36. Rxd4 Rg5 37. Rd6+ Kh5 38. Rh7+ Kg4 39. Rd4+ Kf5 40. Rd5+ Kg6 41. Rg7+
Kxg7 42. Rxg5+ Kf6 43. Rb5 a6 44. Rb6+ Ke7 {44...Kf5 45.b4+-} 45. Kh2 $18 Kd7
46. Kh3 {46.a4+-} Kc7 47. Rb3 Kd6 48. g4 Ke5 49. Kh4 Kf6 50. Rb6+ Kg7 51. Kh5
a5 52. Rb7+ Kg8 53. a4 {Artur Yusupov} 1-0

[Event "Hamburg SKA"]
[Site "Hamburg"]
[Date "1991.07.06"]
[Round "9"]
[White "Cramling, Pia"]
[Black "Jussupow, Artur"]
[Result "0-1"]
[WhiteElo "2470"]
[BlackElo "2605"]
[Annotator "Jussupow,A"]
[PlyCount "121"]
[EventDate "1991.06.27"]
[EventType "tourn"]
[EventRounds "13"]
[EventCountry "GER"]
[EventCategory "11"]
[SourceTitle "CBM 024"]
[Source "ChessBase"]
[SourceDate "1991.10.01"]
[SourceVersion "1"]
[SourceVersionDate "1991.10.01"]
[SourceQuality "1"]

1. d4 {Ftacnik} Nf6 2. c4 e6 3. Nf3 d5 4. Nc3 Be7 5. Bg5 h6 6. Bh4 O-O 7. e3
Ne4 8. Bxe7 Qxe7 9. Rc1 c6 10. Bd3 Nxc3 11. Rxc3 dxc4 12. Bxc4 Nd7 13. O-O b6
14. Bd3 c5 15. Bb5 Rd8 16. Qe2 $6 (16. Bc6 $142) (16. Bc6 {Ftacnik} Rb8 17. Qc2
cxd4 (17... Bb7 18. Bxb7 Rxb7 19. dxc5 Nxc5 20. b4 $14 {Polugajevsky,
L-Rashkovsky,N/URS ch/1973/}) 18. Nxd4 e5 $1 19. Nf5 Qf6 20. Rd1 Nc5 $10 {
Smyslov,V-Kasparov,G/Vilnius m(6)/1984/}) 16... Bb7 17. Bxd7 $6 cxd4 $1 $15 18.
Nxd4 Qxd7 19. a3 (19. Rfc1 {Ftacnik} Qd5 20. f3 Qxa2 $17) 19... Rac8 $5 (19...
Qd5 20. f3 Rac8 21. Rfc1 $15) 20. Rxc8 (20. Rfc1 {Ftacnik} Rxc3 21. Rxc3 e5 22.
Nb3 Qd1+ 23. Qf1 $17) 20... Rxc8 21. Rd1 e5 22. Nb5 (22. Nf3 $142 Qf5 (22...
Qc6 {Ftacnik} 23. h3 f6 $17) 23. Ne1 $15) 22... Qc6 23. f3 (23. e4 {Ftacnik}
Ba6 24. a4 Bxb5 25. axb5 Qc2 $17) 23... Ba6 24. a4 Bxb5 25. axb5 (25. Qxb5 {
Ftacnik} Qxb5 26. axb5 Rc2 27. Rd8+ Kh7 28. Rd7 f6 29. Rxa7 Rxb2 $17) 25... Qc2
$17 (25... Qc4 $17) 26. Rd2 Qb3 27. h3 Rc5 28. Rd8+ Kh7 29. Rd7 Rc2 30. Qe1
Qxb2 (30... Rxb2 $5 31. Kh2 Qc2 32. Qg3 Qg6 $17) 31. Qg3 Qa1+ 32. Kh2 Rc1 33.
Qf2 (33. Qg4 {Ftacnik} Rh1+ 34. Kg3 Qe1#) 33... Qb1 34. e4 (34. Rxa7 {Ftacnik}
Rh1+ 35. Kg3 Qg6+ 36. Kh4 Qg5#) 34... Rh1+ 35. Kg3 Qc1 36. Qd2 (36. Qa2 {
Ftacnik} Qg5+ 37. Kf2 Qh4+ $19) 36... Qxd2 37. Rxd2 Rb1 $6 (37... Kg6 $142) 38.
Rd5 f6 39. f4 Rb3+ 40. Kg4 exf4 (40... h5+ 41. Kxh5 exf4 42. Kg4) 41. Kxf4 Kg6
42. h4 h5 43. g4 hxg4 44. Kxg4 Rc3 45. h5+ (45. Rd7 {Ftacnik} Rc5 46. Rxa7 Rxb5
$19) 45... Kh6 46. Kf4 Rc1 47. Kg4 Rf1 48. Rf5 $8 Rg1+ 49. Kf4 Ra1 50. Rd5 Ra4
51. Rf5 a5 52. bxa6 Rxa6 53. Rb5 Ra3 54. Kg4 (54. Rxb6 $2 Kxh5 {/\g5-+} (54...
Kxh5 {Ftacnik} 55. e5 g5+ 56. Ke4 fxe5 57. Kxe5 Rf3 $19)) (54. e5 $5 Ra4+ 55.
Kf3 f5 56. e6 Re4 $17) 54... Re3 55. Kf4 Rc3 56. Kg4 Rc6 57. Kf4 Kh7 58. Rb4
Kg8 59. Rd4 $2 $138 (59. e5 $142) 59... b5 60. Rd5 $2 Rb6 $19 61. Ke3 {Yusupov}
(61. Ke3 b4 62. Kd2 b3 63. Kc1 Re6 64. Rd4 Kh7 65. Kb2 Kh6 66. Kxb3 Kxh5 67.
Kc4 Kg5 68. Rd7 (68. Kd3 Kf4 $19) 68... g6 69. Kd5 Re5+ 70. Kd4 Kf4 71. Rd6
Rxe4+ 72. Kd3 Kf5 $19) 0-1

[Event "Candidates sf1"]
[Site "London"]
[Date "1989.??.??"]
[Round "3"]
[White "Karpov, Anatoly"]
[Black "Jussupow, Artur"]
[Result "1/2-1/2"]
[WhiteElo "2755"]
[BlackElo "2610"]
[Annotator "Jussupow,A"]
[PlyCount "85"]
[EventDate "1989.10.??"]
[EventType "match"]
[EventRounds "8"]
[EventCountry "ENG"]
[SourceTitle "Candidates"]
[Source "ChessBase"]
[SourceDate "1999.07.01"]
[SourceVersion "2"]
[SourceVersionDate "1999.07.01"]
[SourceQuality "1"]

1. d4 {Artur Yusupov} Nf6 2. c4 e6 3. Nf3 d5 4. Nc3 Be7 5. Bg5 O-O 6. e3 h6 7.
Bh4 Ne4 8. Bxe7 Qxe7 9. Qc2 Nxc3 10. Qxc3 dxc4 11. Bxc4 b6 12. O-O Bb7 13. Be2
c5 $5 {N;13...Rc8!?} 14. dxc5 Rc8 $10 15. Nd4 $6 {15.b4 bc 16.b5 a6=} Rxc5 16.
Qa3 Nc6 17. Nxc6 {17.Nb3?! Rc2 18.Bf3 Qa3 19.ba Rc8=/+} Bxc6 18. Rfd1 $6 (18.
Rfc1 Rxc1+ 19. Rxc1 Qxa3 20. bxa3 Bd5 21. Rc2 $10 {/\Ba6,f3}) 18... Rc8 $1 19.
Bf1 {19.Rac1? Qg5 20.Bf1 Bg2!-+; 20.g3 Rc1 21.Rc1 Qd5 22.f3 Qd2-+} Bd5 $15 20.
Qd3 {/\a3} Qg5 (20... Qf6 21. Rd2 Rc1 {21...h5!? 22.a3 h4 23.h3=/+} 22. Rxc1
Rxc1 23. b3 {23.Rc2 Rc2 24.Qc2 Ba2 25.b3 Qa1-/+} Qa1 24. Rc2 Rxc2 25. Qxc2 g6
26. f3 Qe1 27. Qf2 $10) 21. Rd2 Rc1 $6 {>=21...h5=/+} 22. Rxc1 Rxc1 23. Rd1 $8
Bc4 24. Qd7 $6 (24. Qd2 $1 Rxd1 {24...Bf1 25.Rf1=} 25. Qxd1 Bxa2 26. Qa4 Qd5
27. Qxa7 Bc4 28. Qa1 $10) 24... Bxf1 25. Rxf1 {25.Kf1 Rd1 26.Qd1 Qe5 27.Qd8
Kh7 28.Qd7=; 25...Qc5=/+} Qc5 $15 26. Qd8+ {T;>=26.g3 Rf1 27.Kf1 Qc4 28.Kg2
Qa2 29.Qe8 Kh7 30.Qf7=/+} Kh7 27. Qd3+ g6 {27...f5 28.g3 Qc4 29.Qc4 Rc4 30.Rd1
Rc2 31.Rd7 a5 32.Rd6 Rb2 33.Re6 b5 34.a3_|_=} 28. g3 a5 29. a3 Rc2 $5 {29...
Qc4!? 30.Qc4 Rc4 31.Rd1 Rc2 32.b4 ab 35.ab /\Rd4_|_=/+} 30. b4 axb4 31. axb4
Qc4 32. Qd6 (32. Rd1 $1 b5 33. Qd7 {33.Qc4!? Rc4 34.Rd4! Rd4 35.ed Kg7 36.f3
Kf6 37.Kf2 Ke7 38.Ke3 Kd6 39.h3_|_=} Kg7 34. Qd4+ $15) 32... Qb5 $5 33. h4 $6 {
33.Qf8 Qf5 /\b5-/+;>=33.Rd1=/+} Kg7 $6 (33... Rc4 $1 34. Rb1 Qf5 35. Rd1 {
35.Rf1!? b5 36.Qd2 /\Rc1-/+} Qf3 $17) 34. Qd4+ $1 e5 35. Qd6 Rb2 $138 36. Rc1
$1 $10 Rxb4 37. Rc6 {37.Rc8=} Kh7 38. h5 Rb1+ 39. Kh2 Rh1+ 40. Kxh1 Qf1+ 41.
Kh2 Qxf2+ 42. Kh3 Qf1+ 43. Kh2 $8 {Artur Yusupov} 1/2-1/2

[Event "Las Palmas"]
[Site "Las Palmas"]
[Date "1996.12.19"]
[Round "8"]
[White "Kramnik, Vladimir"]
[Black "Kasparov, Garry"]
[Result "1/2-1/2"]
[WhiteElo "2765"]
[BlackElo "2785"]
[Annotator "Kramnik,V"]
[PlyCount "115"]
[EventDate "1996.12.08"]
[EventType "tourn"]
[EventRounds "10"]
[EventCountry "ESP"]
[EventCategory "21"]
[SourceTitle "CBM 057"]
[Source "ChessBase"]
[SourceDate "1997.04.01"]
[SourceVersion "1"]
[SourceVersionDate "1997.04.01"]
[SourceQuality "1"]

1. Nf3 {Dolmatov} Nf6 2. c4 e6 3. Nc3 d5 4. d4 Be7 5. Bg5 O-O 6. e3 h6 7. Bh4
Ne4 8. Bxe7 Qxe7 9. Rc1 c6 10. Bd3 Nxc3 11. Rxc3 dxc4 (11... Nd7 {Dolmatov} 12.
cxd5 exd5 13. O-O Re8 14. Qb1 Nf6 15. b4 Ne4 16. Bxe4 dxe4 17. Nd2 Be6 $14 {
Nikolic,P-Yusupov,A/Horgen/1994/}) 12. Bxc4 Nd7 13. O-O b6 14. Bd3 (14. Qe2 a5
$6 (14... Bb7 15. Rd1 Rfd8 16. Ba6 Bxa6 17. Qxa6 c5 {equalizing, Benjamin,
J-Yusupov,A/Horgen CS 1994}) 15. Rfc1 Bb7 16. h3 c5 17. Bb5 e5 18. dxe5 Nxe5
19. Nxe5 Qxe5 20. Rd1 {White is better, Epishin,V-Vaganian,R/It, Reggio Emilia
1995}) 14... c5 15. Be4 (15. Bb5 {Dolmatov} Rd8 (15... cxd4 16. Nxd4 Nc5 17.
Bc6 Bb7 18. Qf3 Bxc6 19. Nxc6 Qb7 20. Ne5 Qxf3 21. gxf3 f6 22. Nc6 {1-0
Polugaevsky,L-Andersson,U/Reggio Top16 1991/CBM 22 (50) [Ftacnik]}) 16. Bc6 Rb8
17. Qc2 cxd4 18. Nxd4 e5 19. Nf5 Qf6 20. Rd1 Nc5 $10 {Smyslov,V-Kasparov,G/
Vilnius/1984/}) 15... Rb8 (15... Ba6 $2 {Dolmatov} 16. Bxa8 Bxf1 17. Bc6 Ba6
18. Qa4 Nb8 19. dxc5 bxc5 20. h3 $14) 16. Qa4 (16. Qc2 $5 {Dolmatov} Ba6 (16...
a5 17. Rc1 Bb7 18. Bxb7 Rxb7 19. dxc5 Nxc5 20. Ne5 Qf6 21. Nd3 Rd8 22. Nxc5
bxc5 23. Qe2 Rbd7 24. R3c2 a4 (24... c4 25. g3 e5 26. Kg2 e4 {1/2-1/2
Khalifman,A-Jussupow,A/BL9293 1993/BL 90 (35)}) 25. g3 Rd5 26. Kg2 g6 27. a3 h5
28. Qf3 Qe5 29. Qf4 Qxf4 30. gxf4 Rb8 31. Rxc5 Rxc5 32. Rxc5 Rxb2 33. Rc4 {
1-0 Karpov,A-Jussupow,A/Baden-Baden Hofmann Cup 1995/EXT 95 (51)}) 17. Rd1 Nf6
18. dxc5 Nxe4 19. Qxe4 bxc5 20. b3 $14) 16... Bb7 (16... Nf6 {Dolmatov} 17. Bc6
Nd5 18. Bxd5 exd5 19. dxc5 bxc5 20. Qa3 Be6 21. Rfc1 Rfc8 22. b3 $16) 17. Bxb7
Rxb7 18. Qc2 $1 (18. Qc6 $5 Nb8 19. Qe4 Rc7 20. Rfc1 Rfc8 21. Qf4 c4 {game is
even}) (18. Rd1 {Anand-Kramnik/TV-GER/1996}) 18... Rc8 (18... cxd4 $6 {Dolmatov
} 19. Nxd4) (18... a5 $5 {Dolmatov} 19. Rd1 cxd4 20. Nxd4 Nc5 21. Nc6 Qf6 22.
b3 $14) 19. Rc1 Rbc7 20. b4 e5 (20... c4 {Dolmatov} 21. b5 a6 22. Rb1 $16) 21.
dxc5 $2 (21. bxc5 $142 $1 {Dolmatov} exd4 22. exd4 bxc5 23. Rc4 Nb8 24. Rxc5
Rxc5 25. dxc5 Nc6 (25... Na6 26. c6 Nb4 27. Qa4 Nd3 28. Qa6 $18) 26. h3 $18)
21... bxc5 22. Rc4 (22. h3 {Dolmatov} c4 23. a3 Nb6) 22... e4 $5 23. Qxe4 (23.
Rxe4 cxb4 $1) (23. Nd2 $2 Ne5 24. Rxc5 (24. Rxe4 {Dolmatov} cxb4) 24... Rxc5
25. bxc5 Nd3 {is good for Black}) 23... Qxe4 24. Rxe4 cxb4 25. Re8+ Rxe8 26.
Rxc7 Ne5 {It is important to trade the Knights; Rook ending is drawish} 27.
Nxe5 (27. Rxa7 {Dolmatov} Rc8 $10) (27. Nd4 {Dolmatov} a5 28. Ra7 Rc8 $132)
27... Rxe5 28. Rxa7 h5 29. h3 Rb5 30. g4 hxg4 31. hxg4 g6 32. Kg2 b3 33. axb3
Rxb3 {Now White has just theoretical chances to win the game} 34. g5 Kg7 35.
Kg3 Rc3 36. Re7 Ra3 37. Rd7 Kf8 38. Rc7 Kg7 39. Rc8 Kh7 40. Rc7 Kg7 41. Re7 Kf8
42. Re5 Kg7 43. f4 Rd3 44. Kf3 Rd2 45. Ke4 Rd1 46. Rd5 Re1 47. Rd3 Kf8 48. Ke5
Kg7 49. e4 Re2 50. Rd7 Re1 51. Rc7 Re2 52. Ra7 Re1 53. Ra4 Re2 54. Kd6 Rd2+ 55.
Ke7 Rf2 56. e5 Rf1 57. Ra6 Rxf4 58. e6 (58. Rf6 $2 {Dolmatov} Rf5 59. e6 fxe6
60. Kxe6 Rxg5 61. Rf7+ Kh6 62. Rf1 Ra5 63. Kf6 $10) 1/2-1/2